District Laboratory Practice in Tropical Countries (Record no. 17319)

MARC details
000 -LEADER
fixed length control field 00545nam a22001697a 4500
008 - FIXED-LENGTH DATA ELEMENTS--GENERAL INFORMATION
fixed length control field 180924b xxu||||| |||| 00| 0 eng d
020 ## - INTERNATIONAL STANDARD BOOK NUMBER
International Standard Book Number 0521676335
050 ## - LIBRARY OF CONGRESS CALL NUMBER
Classification number RC961.5
Item number .C44 2006 c.1
100 ## - MAIN ENTRY--PERSONAL NAME
Personal name Cheesbrough, Monica
245 ## - TITLE STATEMENT
Title District Laboratory Practice in Tropical Countries
Remainder of title part 2
Statement of responsibility, etc. Monica Cheesbrough
250 ## - EDITION STATEMENT
Edition statement 2nd ed., update
260 ## - PUBLICATION, DISTRIBUTION, ETC. (IMPRINT)
Place of publication, distribution, etc. New York
Name of publisher, distributor, etc. Cambridge University Press
Date of publication, distribution, etc. 2006
300 ## - PHYSICAL DESCRIPTION
Extent vi, 434p.
650 ## - SUBJECT ADDED ENTRY--TOPICAL TERM
Topical term or geographic name as entry element Tropical Medicine
650 ## - SUBJECT ADDED ENTRY--TOPICAL TERM
Topical term or geographic name as entry element Diagnosis, Laboratory
942 ## - ADDED ENTRY ELEMENTS (KOHA)
Source of classification or shelving scheme Library of Congress Classification
Koha item type General Collection
Edition 2nd
Classification part RC961.5
Holdings
Withdrawn status Lost status Source of classification or shelving scheme Not for loan Home library Current library Shelving location Date acquired Cost, normal purchase price Total Checkouts Full call number Barcode Date last seen Date last checked out Copy number Price effective from Koha item type Total Renewals
    Library of Congress Classification   Kabarak, Main Campus Kabarak, Main Campus General Stacks 22/10/2018 1543.10 3 RC961.5 .C44 2006 c.1 022624 18/10/2019 18/10/2019 c. 1 22/10/2018 General Collection  
    Library of Congress Classification   Kabarak, Main Campus Kabarak, Main Campus General Stacks 22/10/2018 1543.10   RC961.5 .C44 2006 c.2 022625 22/10/2018   c. 2 22/10/2018 General Collection  
    Library of Congress Classification   Kabarak, Main Campus Kabarak, Main Campus General Stacks 22/10/2018 1543.10   RC961.5 .C44 2006 c.3 022626 22/10/2018   c. 3 22/10/2018 General Collection  
    Library of Congress Classification   Kabarak, Main Campus Kabarak, Main Campus General Stacks 22/10/2018 1543.10   RC961.5 .C44 2006 c.4 022674 22/10/2018   c. 4 22/10/2018 General Collection  
    Library of Congress Classification   Kabarak, Main Campus Kabarak, Main Campus General Stacks 22/10/2018 1543.10 2 RC961.5 .C44 2006 c.5 022675 05/10/2019 04/10/2019 c. 5 22/10/2018 General Collection 1
Designed with assistance from East African Informatics Ltd